LEADER 02416nam 2200685Ia 450 001 9910453550903321 005 20200520144314.0 010 $a1-84813-494-0 010 $a1-78032-619-X 010 $a1-281-87908-8 010 $a1-78034-518-6 010 $a9786611879082 010 $a1-84813-340-5 035 $a(CKB)1000000000552297 035 $a(EBL)368678 035 $a(OCoLC)476204062 035 $a(SSID)ssj0000114903 035 $a(PQKBManifestationID)11128459 035 $a(PQKBTitleCode)TC0000114903 035 $a(PQKBWorkID)10126115 035 $a(PQKB)10776014 035 $a(MiAaPQ)EBC368678 035 $a(Au-PeEL)EBL368678 035 $a(CaPaEBR)ebr10255126 035 $a(CaONFJC)MIL187908 035 $a(OCoLC)437236612 035 $a(EXLCZ)991000000000552297 100 $a20080222d2008 uy 0 101 0 $aeng 135 $aur|n|---||||| 181 $ctxt 182 $cc 183 $acr 200 10$aBritain in Africa$b[electronic resource] /$fTom Porteous 210 $aLondon ;$aNew York $cZed Books ;$aPietermaritzburg, South Africa $cUniversity of KwaZulu-Natal Press ;$aNew York $cdistributed in the USA exclusively by Palgrave Macmillan$d2008 215 $a1 online resource (169 p.) 225 1 $aAfrican arguments 300 $a"Published in association with the International African Institute, Royal African Society and Social Science Research Council"--T.p. verso. 311 $a1-84277-976-1 311 $a1-84277-975-3 320 $aIncludes bibliographical references (p. [147]-152) and index. 327 $aThe players -- The policy -- Limits of leverage -- Futures. 330 $aThis book sets out the balance sheet of what Britain has achieved, and where and why it failed in Africa. 410 0$aAfrican arguments. 606 $aInternational relations 607 $aAfrica$xForeign relations$zGreat Britain 607 $aGreat Britain$xForeign relations administration 607 $aGreat Britain$xForeign relations$zAfrica 607 $aGreat Britain$xPolitics and government$y1997-2007 608 $aElectronic books. 615 0$aInternational relations. 676 $a327.4106 700 $aPorteous$b Tom$0932461 801 0$bMiAaPQ 801 1$bMiAaPQ 801 2$bMiAaPQ 906 $aBOOK 912 $a9910453550903321 996 $aBritain in Africa$92098358 997 $aUNINA LEADER 01951nam 2200409z- 450 001 9910566442603321 005 20220512 035 $a(CKB)5850000000023421 035 $a(oapen)https://directory.doabooks.org/handle/20.500.12854/81485 035 $a(oapen)doab81485 035 $a(EXLCZ)995850000000023421 100 $a20202205d2022 |y 0 101 0 $aita 135 $aurmn|---annan 181 $ctxt$2rdacontent 182 $cc$2rdamedia 183 $acr$2rdacarrier 200 00$aIl De modo audiendi confessiones di Heinrich Lur e la penitenza sacramentale nel basso medioevo 210 $aMilan$cFrancoAngeli$d2022 215 $a1 online resource (163 p.) 311 08$a88-351-3429-3 330 $aSince the central centuries of the Middle Ages the sacrament of penance became one of the central aspects of religious life and Christian practice. To help the clergy tasked with pastoral care in listening penitents' confessions manuals were penned, which are to this day not much studied. The analysis of one of these texts, the De modo audiendi confessiones of Heinrich Lur, canon in the cathedral of Trento around the half of the fifteenth century, is the occasion to reflect on what in the late Middle Ages revolved around the administration of sacramental penance, in regards to theology and canon law as well as pastoral care. 606 $aChristian ministry & pastoral activity$2bicssc 606 $aChristian sacraments$2bicssc 610 $aAbsolution 610 $aConfession 610 $aConfessors' Manual 610 $aPastoral Care 610 $aPenance 610 $aSacraments 615 7$aChristian ministry & pastoral activity 615 7$aChristian sacraments 700 $aColombo$b Lorenzo$4auth$01286282 906 $aBOOK 912 $a9910566442603321 996 $aIl De modo audiendi confessiones di Heinrich Lur e la penitenza sacramentale nel basso medioevo$93019853 997 $aUNINA